00320nam a2200109Ia 4500008004100000020002200041041001200063100003700075245004500112260003200157650002100189231221s9999 xx 000 0 und d a978-0-387-31240-8 aEnglish aNikolay Y. Nikolaev, Hitoshi Iba 0aAdaptive Learning of Polynomial Networks c2006bSpringer USaNew York aComputer Science